| 000 | 00551nam a2200193Ia 4500 | ||
|---|---|---|---|
| 003 | GCL | ||
| 005 | 20240530105139.0 | ||
| 008 | 140319s9999 xx 000 0 ara d | ||
| 040 |
_aGCL / _cGCL |
||
| 082 | 0 | 4 |
_a811.00901 _bع ل |
| 100 | 1 | _aعبدالعليم حفنى | |
| 245 | 1 | 0 |
_aلامية العرب للشنفرى / _cعبدالعليم حفنى |
| 260 |
_a[S.N] : _bمكتبة الاداب ، _c1981 |
||
| 300 | _a94 | ||
| 650 | 0 | 4 | _aالشعر الجاهلى |
| 650 | 0 | 4 | _aالادباء |
| 650 | 0 | 4 | _aالشنغرى |
| 942 |
_2ddc _cBK |
||
| 999 |
_c53538 _d53538 |
||